skbl

Dr Suryya Kumar Bhuyan Library Web-OPAC
ডঃ সূৰ্য্য
কুমাৰ ভূঞা পুথিভঁৰাল ৱেব-অ'পেক

All Research Scholars are advised to clear the annual library fees to continue using Library Resources, Remote Access, Plagiarism Test and Library Clearance.

Cotton University Book Fair 2026

The History and Development of Economic Thought / (Record no. 10176)

MARC details
000 -LEADER
fixed length control field 00811nam a2200289Ia 4500
001 - CONTROL NUMBER
control field 10189
005 - DATE AND TIME OF LATEST TRANSACTION
control field 20240113235210.0
007 - PHYSICAL DESCRIPTION FIXED FIELD--GENERAL INFORMATION
fixed length control field ta
008 - FIXED-LENGTH DATA ELEMENTS--GENERAL INFORMATION
fixed length control field 050801s1963 a g b000 u eng u
040 ## - CATALOGING SOURCE
Original cataloging agency Cotton College,Assam
041 ## - LANGUAGE CODE
Language code of text/sound track or separate title eng
082 ## - DEWEY DECIMAL CLASSIFICATION NUMBER
Classification number 330.9
Item number M 261 H
100 ## - MAIN ENTRY--PERSONAL NAME
Personal name Madan , G.R. .
245 #0 - TITLE STATEMENT
Title The History and Development of Economic Thought /
Statement of responsibility, etc. G.R. Madan & H.S. Dhooria.
Medium Textual Documents
250 ## - EDITION STATEMENT
Edition statement 1st ed. /
260 ## - PUBLICATION, DISTRIBUTION, ETC.
Place of publication, distribution, etc. New Delhi :
Name of publisher, distributor, etc. S. Chand & Company ,
Date of publication, distribution, etc. 1963.
300 ## - PHYSICAL DESCRIPTION
Extent 311p. :
Other physical details ill. ;
Dimensions 22cm .
504 ## - BIBLIOGRAPHY, ETC. NOTE
Bibliography, etc. note Index
653 ## - INDEX TERM--UNCONTROLLED
Uncontrolled term Economics-History
653 ## - INDEX TERM--UNCONTROLLED
Uncontrolled term Economic Thought-History
653 ## - INDEX TERM--UNCONTROLLED
Uncontrolled term Economic Development-History
653 ## - INDEX TERM--UNCONTROLLED
Uncontrolled term MS-Economics
700 ## - ADDED ENTRY--PERSONAL NAME
Personal name Dhooria, H.S. .
942 ## - ADDED ENTRY ELEMENTS (KOHA)
Source of classification or shelving scheme Dewey Decimal Classification
Koha item type Books
Holdings
Withdrawn status Lost status Damaged status Not for loan Collection Home library Current library Date acquired Coded location qualifier Total checkouts Full call number Barcode Date last seen Copy number Price effective from Koha item type
          Dr. Suryya Kumar Bhuyan Library Dr. Suryya Kumar Bhuyan Library 01/02/2012 00000   330.9 M 261 H 51471 13/01/2024 1 01/02/2012 Books

Designed and Maintained by Team SKBL
©1901-2026

Powered by Koha